| 000 | 00369nam a22001337a 4500 | ||
|---|---|---|---|
| 005 | 20160307152853.0 | ||
| 008 | 160307b xxu||||| |||| 00| 0 eng d | ||
| 050 | _aBS237. 1980 | ||
| 100 |
_aBible. German. 1980 _922779 |
||
| 245 |
_aDie Bibel _cby Bible. German. 1980 |
||
| 260 |
_aFreiburg _bHerder _c1980 |
||
| 300 |
_axi, 1459p.; _c21cm. |
||
| 942 |
_2lcc _cMONOGRAPH |
||
| 999 |
_c124321 _d124321 |
||